Statistics for UK History Picture Quiz - U

Click here to take the quiz!

General Stats

  • This quiz has been taken 170 times
  • The average score is 7 of 14

Answer Stats

Answer% Correct
Unicorn
99%
London {Underground}
97%
Urn
90%
Act of {Union}
87%
{Unknown} Warrior
83%
Ulysses
71%
{Ulster} Fry
70%
The {Undertones}
39%
Uttoxeter
31%
{Urquhart} Castle
22%
Ulverston
15%
Unst
15%
{Uffington} White Horse
14%
Ubuntu
12%

Score Distribution

Percentile by Number Answered

Percent of People with Each Score

Your Score History

You have not taken this quiz